000 00595nam a2200241Ia 4500
003 OSt
005 20140314084702.0
008 140130s9999 xx 000 0 und d
020 _a0590062034
050 _aPZ 7
_b.P219Pl 1972
100 _aParish, Peggy.
245 _cPeggy Parish.
_aPlay Ball, Amelia Badelia /
260 _bScholastic Inc.,
_cc1972.
_aUSA :
300 _a64 p. :
_bcol. ill. ;
_c23 cm.
440 _v1
521 _aG1
526 _c220
650 _aBaseball
_xFiction.
650 _aHumorous stories.
942 _cBK
_2lcc
999 _c39989
_d39989